=LDR 00000nam 2200000 4500 =001 INLIS000000000021182 =005 20130612120049 =008 ***********************************Ind** =035 ##$$0010-061300000021182 =041 ##$$a Ind =082 ##$$a F Rom K =090 ##$$a F Rom K, Wil c =100 ##$$a Willy, Agus =245 ##$$a Comic school ayo maju teruus, Agus Willy =260 ##$$a 2004 $b Bandung =300 ##$$a 63 hlm, ilus, 19 cm =650 ##$$a Fiksi Kanak-Kanak =850 ##$$a NBPNMAT